Top 15 dei paesi con decessi Covid-19 - 14 luglio - Statistics

Statistiche generali
  • Questo quiz è stato fatto 4 volte
  • Il punteggio medio è 12 su 19
Statistiche sulle risposte
nazione % Corretto
Canada
100%
Francia
100%
Germania
100%
Italia
100%
Regno Unito
100%
Spagna
100%
Stati Uniti
100%
Brasile
75%
Paesi Bassi
75%
Russia
75%
Belgio
50%
India
50%
Messico
50%
Svezia
50%
Cile
25%
Irlanda
25%
Ecuador
0%
Iran
0%
Perù
0%
Nessun quiz corrispondente trovato
Distribuzione punteggi
Percentuale di utenti per punteggio
Percentile per numero di risposta
I tuoi punteggi nel tempo
Non hai fatto questo quiz